000 00645nam a22002417a 4500
003 UA-OsUOA
001 29071
007 ta
008 20050524b un ||||| |||| 00| 0 ukr d
090 _a396
_bХ91
942 _cBK
040 _aUA-OsUOA
_bukr
_cUA-OsUOA
_dUA-OsUOA
245 _aХрестоматія навчальних програм з проблем гендерного розвитку
_cРед. К. М.Левківський
300 _a387 с.
955 _a0
041 _aukr
080 _a396
020 _a966-8474-22-8
260 _aК.
_bФоліант
_c2004
044 _aUA
650 7 _2UDC
999 _c315450
_d315450